|
|
|
|
| LEADER |
00552nam a22001571a 4500 |
| 082 |
|
|
|a M1
|b ACH/T
|
| 100 |
|
|
|a Achuthan Unny Chathanathu
|9 113283
|
| 245 |
|
|
|a Thirunadayil/
|c by Achuthan Unny Chathanathu
|
| 260 |
|
|
|a [S.l]:
|b Chathanath Achuthan Unny,
|c 1973.
|
| 300 |
|
|
|a 96p.
|
| 650 |
|
|
|a Poetry Malayalam
|9 113284
|
| 650 |
|
|
|a Literature Malayalam
|9 113285
|
| 650 |
|
|
|a Literature
|9 113286
|
| 942 |
|
|
|c BK
|
| 999 |
|
|
|c 46993
|d 46993
|
| 952 |
|
|
|0 0
|1 0
|4 0
|6 M_1_000000000000000_ACH_T
|7 0
|9 68059
|a SSUS
|b SSUS
|d 2015-01-08
|g 3.00
|o M1 ACH/T
|p 001892
|r 2015-01-08
|v 0.00
|w 2015-01-08
|y BK
|